Every Team that's made the CFP - Statistics

General Stats
  • This quiz has been taken 38 times
  • The average score is 21 of 27
Answer Stats
Hint Answer % Correct
9 Alabama
100%
7 Ohio St
100%
2 Michigan
97%
2 Texas
97%
7 Clemson
94%
5 Georgia
94%
1 LSU
94%
3 Oregon
90%
1 Florida St
84%
2 Indiana
84%
1 Texas A&M
84%
2 Washington
84%
4 Oklahoma
81%
1 Ole Miss
81%
1 Michigan St
77%
3 Notre Dame
77%
1 Miami
74%
1 Texas Tech
74%
1 Tulane
71%
1 TCU
68%
1 Penn St
65%
1 SMU
65%
1 James Madison
61%
1 Tennessee
61%
1 Arizona St
58%
1 Boise St
58%
1 Cincinnati
52%
No matching quizzes found
Score Distribution
Percent of People with Each Score
Percentile by Number Answered
Your Score History
You have not taken this quiz